00482nam a2200157 a 4500001000400000003000500004005001700009008004100026040002000067100003800087245004000125260003600165942000800201999001300209952010200222409CDMR20130116135154.0130130s2005||||||||||||||||||||||||||||d aCDMRbcatcCDMR1 aPérez Molinos, Josep Maria928610aCatalunya en guerra i en postguerra aBarcelonac2005bViena Edicions cMON c409d409 00104070aCDMRbCDMRd2014-05-21l3m1pCDMR1405301237r2017-05-17s2017-05-17w2014-05-21yMON